Southville International School and Colleges
Your cart is empty.
  • Cart
  • Lists
    Public lists Eva Luna New books Lux_list list_1
    Your lists Log in to create your own lists
  • Log in to your account
  • Your cookies
  • Search history
Southville International School and Colleges
  • Advanced search
  • Recent comments
  • Most popular
  • Libraries

Log in to your account

Log in with GOOGLE


If you do not have an external account, but do have a local account, you can still log in:

  1. Home
  2. MARC view: Can snakes crawl backward? :
Normal view MARC view ISBD view

Can snakes crawl backward? : (Record no. 34183)

[ view plain ]
MARC details
000 -LEADER
fixed length control field 01514cam a22004094a 4500
001 - CONTROL NUMBER
control field 12007973
003 - CONTROL NUMBER IDENTIFIER
control field OSt
005 - DATE AND TIME OF LATEST TRANSACTION
control field 20140310184418.0
008 - FIXED-LENGTH DATA ELEMENTS--GENERAL INFORMATION
fixed length control field 000515s2001 nyua b 001 0 eng
010 ## - LIBRARY OF CONGRESS CONTROL NUMBER
LC control number 00041059
020 ## - INTERNATIONAL STANDARD BOOK NUMBER
International Standard Book Number 0439193818
040 ## - CATALOGING SOURCE
Original cataloging agency DLC
Transcribing agency DLC
Modifying agency DLC
042 ## - AUTHENTICATION CODE
Authentication code pcc
-- lcac
050 00 - LIBRARY OF CONGRESS CALL NUMBER
Classification number QL 644.2
Item number .B47 2002
100 1# - MAIN ENTRY--PERSONAL NAME
Personal name Berger, Melvin.
9 (RLIN) 4942
245 10 - TITLE STATEMENT
Title Can snakes crawl backward? :
Remainder of title questions and answers about reptiles /
Statement of responsibility, etc Melvin and Gilda Berger ; illustrated by Alan Male.
260 ## - PUBLICATION, DISTRIBUTION, ETC. (IMPRINT)
Place of publication, distribution, etc New York :
Name of publisher, distributor, etc Scholastic Reference,
Date of publication, distribution, etc 2002.
300 ## - PHYSICAL DESCRIPTION
Extent 48 p. :
Other physical details col. ill. ;
Dimensions 21 cm.
490 1# - SERIES STATEMENT
Series statement Scholastic question and answer series
521 ## - TARGET AUDIENCE NOTE
Target audience note
526 ## - STUDY PROGRAM INFORMATION NOTE
Reading level 750
650 #0 - SUBJECT ADDED ENTRY--TOPICAL TERM
Topical term or geographic name as entry element Reptiles
Form subdivision Miscellanea
-- Juvenile literature.
9 (RLIN) 26497
650 #1 - SUBJECT ADDED ENTRY--TOPICAL TERM
Topical term or geographic name as entry element Reptiles
Form subdivision Miscellanea.
9 (RLIN) 26498
650 #1 - SUBJECT ADDED ENTRY--TOPICAL TERM
Topical term or geographic name as entry element Questions and answers.
9 (RLIN) 4945
700 1# - ADDED ENTRY--PERSONAL NAME
Personal name Berger, Gilda.
9 (RLIN) 4946
700 1# - ADDED ENTRY--PERSONAL NAME
Personal name Male, Alan,
Relator term ill.
9 (RLIN) 26499
800 1# - SERIES ADDED ENTRY--PERSONAL NAME
Personal name Berger, Melvin.
Title of a work Scholastic question and answer series.
9 (RLIN) 26500
856 42 - ELECTRONIC LOCATION AND ACCESS
Materials specified Publisher description
Uniform Resource Identifier <a href="http://www.loc.gov/catdir/enhancements/fy1203/00041059-d.html">http://www.loc.gov/catdir/enhancements/fy1203/00041059-d.html</a>
906 ## - LOCAL DATA ELEMENT F, LDF (RLIN)
a 7
b cbc
c orignew
d 1
e ocip
f 19
g y-gencatlg
942 ## - ADDED ENTRY ELEMENTS (KOHA)
Source of classification or shelving scheme Library of Congress Classification
Koha item type
Holdings
Withdrawn status Lost status Source of classification or shelving scheme Damaged status Home library Current library Shelving location Date acquired Total Checkouts Full call number Barcode Date last seen Copy number Price effective from Koha item type
    Library of Congress Classification   Luxembourg Library Luxembourg Library Scholastic Reading Center Section 10/08/2013   QL 644.2 .B47 2002 LEX2911 10/26/2018 1 10/08/2013 Books
    Library of Congress Classification   Luxembourg Library Luxembourg Library Scholastic Reading Center Section 10/08/2013   QL 644.2 .B47 2002 LEX2912 04/18/2017 2 10/08/2013 Books
    Library of Congress Classification   Luxembourg Library Luxembourg Library Scholastic Reading Center Section 10/08/2013   QL 644.2 .B47 2002 LEX2913 04/18/2017 3 10/08/2013 Books
    Library of Congress Classification   Luxembourg Library Luxembourg Library Scholastic Reading Center Section 10/08/2013   QL 644.2 .B47 2002 LEX2914 04/18/2017 4 10/08/2013 Books
    Library of Congress Classification   Luxembourg Library Luxembourg Library Scholastic Reading Center Section 10/08/2013   QL 644.2 .B47 2002 LEX2915 04/18/2017 5 10/08/2013 Books

Can snakes crawl backward? :

APA

Berger M., Berger G. & Male A. (2002). Can snakes crawl backward?. New York: Scholastic Reference.

Chicago

Berger Melvin, Berger Gilda and Male Alan. 2002. Can snakes crawl backward?. New York: Scholastic Reference.

Harvard

Berger M., Berger G. and Male A. (2002). Can snakes crawl backward?. New York: Scholastic Reference.

MLA

Berger Melvin, Berger Gilda and Male Alan. Can snakes crawl backward?. New York: Scholastic Reference. 2002.

  • Place hold
  • Print
  • Cite
  • Add to your cart (remove)
  • Save record
    BIBTEX Dublin Core MARCXML MARC (non-Unicode/MARC-8) MARC (Unicode/UTF-8) MARC (Unicode/UTF-8, Standard) MODS (XML) RIS
  • More searches
    Search for this title in:
    Other Libraries (WorldCat) Other Databases (Google Scholar) Online Stores (Bookfinder.com) Open Library (openlibrary.org)

Exporting to Dublin Core...

SOUTHVILLE LIBRARY

Southville International School and Colleges Library

1281 Tropical Ave. Cor. Luxembourg St., BF Homes International, Las Pinas City

Tel. No. 8256374 / 252358 Loc. 117/146

Powered by Koha